| 000 | 00489nam a22001817a 4500 | ||
|---|---|---|---|
| 003 | ASAB | ||
| 005 | 20180827062721.0 | ||
| 008 | 161202t xxu||||| |||| 00| 0 eng d | ||
| 020 | _a978-81-8356-644-5 | ||
| 040 | _cASAB | ||
| 082 | _a612.015 | ||
| 100 |
_aG.P. Garg _92447 |
||
| 245 |
_aMedicinal biochemistry _cby G.P. Garg |
||
| 260 |
_aNew delhi _bDiscovery Publishing House pvt. Ltd. _c2010 |
||
| 300 |
_a393 p. _c23 cm |
||
| 630 |
_aMedicinal Biochemistry _93718 |
||
| 942 |
_2ddc _cBK |
||
| 999 |
_c480376 _d480376 |
||